000 01236naa a22003137a 4500
001 BR8305698
003 BR-BrBNA
005 20240918175352.0
007 ta
008 230509b bl.||||| |||| 00| 0 por d
040 _aBR-BrBNA
_bpor
_cBiblioteca Nacional de Agricultura
041 _a(En)
072 _aL10
_b5212
090 _aL10 BR8305698
100 1 _aVale Filho, V.R.
100 1 _aPinheiro, L.E.L.
100 1 _aWilton, J.W.
100 1 _aBasrur, P.K.
111 1 _a2. Symposium on Advanced Topics in Animal Reproduction
_cJaboticabal, SP (Brazil)
_d8-11 Aug 1983
245 1 _aPrepubertal status of testes in twin bull calves produced by embryo transfer [genetica animal, transferencia de embriao, bovino]
260 3 _aJaboticabal, SP (Brasil):
_c1983.
500 _aProceedings of the 2. Symposium on Advanced Topics in Animal Reproduction Jaboticabal, SP (Brasil): 1983. p. 189-197 (BR8305698-AM)L10
650 _aGENETICA ANIMAL
650 _aTRANSFERENCIA DE EMBRIAO
650 _aBOVINO
773 0 _tProceedings of the 2. Symposium on Advanced Topics in Animal Reproduction
_wL10 BR8305698
_gJaboticabal, SP (Brasil), 1983. p. 189-197
909 _a202404
_bLucia
_c55
_dLucia Elande
942 _cAM
_2AGRIS
999 _c316369
_d316369